| 000 | 00547nam a22001337a 4500 | ||
|---|---|---|---|
| 082 |
_a823 _bARC/T |
||
| 100 | _aJEFFREY ARCHER | ||
| 245 | _aTWELVE RED HERRINGS | ||
| 260 |
_aLONDON _bPAN BOOKS |
||
| 300 | _a405 | ||
| 520 | _aAn escaped Iraqi with a price on his head pays an involuntary visit to his homeland… A brush with death proves the biggest break of an aspiring artist's career… Two strangers, struck by lust-at-first-sight, consider a myriad of possibilities for where the day will take them. | ||
| 650 |
_aNOVAL _zLONDON |
||
| 942 | _cBK | ||
| 999 |
_c2255 _d2255 |
||